000 01460nam a22002057a 4500
003 OSt
005 20210427064941.0
008 210304s2005 ||||| |||| 00| 0 eng d
020 _a9994007882
040 _aeng
_beng
_cDLC
041 _aeng
_ageo
080 _a31
_bს-32
110 _91242
_aMinistry of Economic Development of Georgia, Department of Statistics
_bსაქართველოს ეკონომიკური განვითარების სამინისტრო, სტატისტიკის დეპარტამენტი
245 _aსაქართველოს სტატისტიკური წელიწდეული
_b: Statistical Yearbook of Georgia
_c/ by: საქართველოს ეკონომიკური განვითარების სამინისტრო, სტატისტიკის დეპარტამენტი /Ministry of Economic Development of Georgia, Department of Statistics
260 _aთბილისი / Tbilisi
_bსაქართველოს ეკონომიკური განვითარების სამინისტრო, სტატისტიკის დეპარტამენტი /Ministry of Economic Development of Georgia, Department of Statistics
_c2005
300 _a325 p.
650 0 _9268
_aStatistics
653 _aსტატისტიკა
942 _2udc
_cBK
999 _c1906
_d1906